Les "preuves" de l'existence de Dieu: pour une relecture des cinq voies de saint Thomas d'Aquin
| Main Author: | |
|---|---|
| Format: | Print Book |
| Language: | French |
| Subito Delivery Service: | Order now. |
| Check availability: | HBZ Gateway |
| WorldCat: | WorldCat |
| Interlibrary Loan: | Interlibrary Loan for the Fachinformationsdienste (Specialized Information Services in Germany) |
| Published: |
Paris
Les Éd. du CERF
1999
|
| In: | Year: 1999 |
| Reviews: | [Rezension von: Barbellion, Stéphane-Marie, Les «preuves» de l'existence de Dieu. Pour une relecture des cinq voies de saint Thomas d'Aquin (Théologies)] (2001) (Pastor, Félix-Alejandro)
|
| Series/Journal: | Théologies
|
| Standardized Subjects / Keyword chains: | B
Thomas Aquinas 1225-1274
/ Proof of God's existence
|
| Further subjects: | B
Thesis
|
MARC
| LEADER | 00000cam a2200000 c 4500 | ||
|---|---|---|---|
| 001 | 310995175 | ||
| 003 | DE-627 | ||
| 005 | 20251222215119.0 | ||
| 007 | tu | ||
| 008 | 000317s1999 fr ||||| m 00| ||fre c | ||
| 020 | |a 2204061921 |9 2-204-06192-1 | ||
| 035 | |a (DE-627)310995175 | ||
| 035 | |a (DE-576)07505373X | ||
| 035 | |a (DE-599)GBV310995175 | ||
| 035 | |a (OCoLC)247506679 | ||
| 035 | |a (OCoLC)41511465 | ||
| 035 | |a (DE-604)8127450637 | ||
| 040 | |a DE-627 |b ger |c DE-627 |e rakwb | ||
| 041 | |a fre | ||
| 044 | |c XA-FR | ||
| 082 | 0 | |a 200 | |
| 084 | |a 1 |2 ssgn | ||
| 084 | |a BN 2546 |2 rvk |0 (DE-625)rvk/13349: | ||
| 084 | |a 11.52 |2 bkl | ||
| 084 | |a 11.61 |2 bkl | ||
| 100 | 1 | |0 (DE-588)1072414236 |0 (DE-627)827426410 |0 (DE-576)164893350 |4 aut |a Barbellion, Stéphane-Marie |d 1955- | |
| 109 | |a Barbellion, Stéphane-Marie 1955- |a Barbellion, Stéphane Marie 1955- |a Fr. Stéphane-Marie B. 1955- |a Frère Stépane-Marie B. 1955- |a Stéphane-Marie frère 1955- |a Stéphane Marie frère 1955- |a Barbellion, Stéphane 1955- |a B., Stéphane-Marie frère 1955- | ||
| 245 | 1 | 0 | |a Les "preuves" de l'existence de Dieu |b pour une relecture des cinq voies de saint Thomas d'Aquin |c Stéphane-Marie Barbellion |
| 264 | 1 | |a Paris |b Les Éd. du CERF |c 1999 | |
| 300 | |a 471 S | ||
| 336 | |a Text |b txt |2 rdacontent | ||
| 337 | |a ohne Hilfsmittel zu benutzen |b n |2 rdamedia | ||
| 338 | |a Band |b nc |2 rdacarrier | ||
| 490 | 0 | |a Théologies | |
| 502 | |a Zugl.: Fribourg, Univ., Diss., 1997 | ||
| 583 | 1 | |a Archivierung prüfen |c 20200919 |f DE-640 |z 3 |2 pdager | |
| 583 | 1 | |a Archivierung/Langzeitarchivierung gewährleistet |f SSG |x XA-DE-BW |2 pdager |5 DE-21 | |
| 583 | 1 | |a Archivierung prüfen |c 20240324 |f DE-4165 |z 1 |2 pdager | |
| 655 | 7 | |a Hochschulschrift |0 (DE-588)4113937-9 |0 (DE-627)105825778 |0 (DE-576)209480580 |2 gnd-content | |
| 689 | 0 | 0 | |d p |0 (DE-588)118622110 |0 (DE-627)134387503 |0 (DE-576)209132787 |2 gnd |a Thomas |c von Aquin, Heiliger |d 1225-1274 |
| 689 | 0 | 1 | |d s |0 (DE-588)4021668-8 |0 (DE-627)10440972X |0 (DE-576)208939288 |2 gnd |a Gottesbeweis |
| 689 | 0 | |5 (DE-627) | |
| 751 | |a Freiburg im Üechtland |0 (DE-588)4071444-5 |0 (DE-627)106097687 |0 (DE-576)209183993 |4 uvp | ||
| 787 | 0 | 8 | |i Rezensiert in |a Pastor, Félix-Alejandro |t [Rezension von: Barbellion, Stéphane-Marie, Les «preuves» de l'existence de Dieu. Pour une relecture des cinq voies de saint Thomas d'Aquin (Théologies)] |d 2001 |w (DE-627)1789382637 |
| 935 | |a mteo | ||
| 935 | |i Blocktest | ||
| 936 | r | v | |a BN 2546 |b Sekundärliteratur |k Theologie und Religionswissenschaften |k Dogmatik und Dogmengeschichte |k Autoren |k Hochscholastik (13. Jh.) |k Autoren T |k Thomas <von Aquin> |k Sekundärliteratur |0 (DE-627)1270737422 |0 (DE-625)rvk/13349: |0 (DE-576)200737422 |
| 936 | b | k | |a 11.52 |j Mittelalterliches Christentum |0 (DE-627)10641965X |
| 936 | b | k | |a 11.61 |j Dogmatik |j Konfessionskunde |0 (DE-627)106403850 |
| 951 | |a BO | ||
| ELC | |b 1 | ||
| ITA | |a 1 |t 1 | ||
| LOK | |0 000 xxxxxcx a22 zn 4500 | ||
| LOK | |0 001 3083961596 | ||
| LOK | |0 003 DE-627 | ||
| LOK | |0 004 310995175 | ||
| LOK | |0 005 20020416000000 | ||
| LOK | |0 008 990921||||||||||||||||ger||||||| | ||
| LOK | |0 040 |a DE-21 |c DE-627 |d DE-21 | ||
| LOK | |0 852 |a DE-21 | ||
| LOK | |0 852 1 |c 39 A 8902 |9 00 | ||
| LOK | |0 935 |a theo | ||
| LOK | |0 936ln |a t3.2 | ||
| LOK | |0 939 |a 21-09-99 |b l01 | ||
| ORI | |a SA-MARC-ixtheoa001.raw | ||
| REL | |a 1 | ||
| STA | 0 | 0 | |a Proof of God's existence,God,Existence of God,God's existence |
| STB | 0 | 0 | |a Preuve de l’existence de Dieu |
| STC | 0 | 0 | |a Prueba de la existencia de Dios |
| STD | 0 | 0 | |a Prova dell'esistenza di Dio |
| STE | 0 | 0 | |a 神存在的论证,上帝存在的论证 |
| STF | 0 | 0 | |a 神存在的論証,上帝存在的論証 |
| STG | 0 | 0 | |a Prova da existência de Deus |
| STH | 0 | 0 | |a Доказательство существования Бога |
| STI | 0 | 0 | |a Απόδειξη της ύπαρξης του Θεού |
| SUB | |a REL | ||
| SYG | 0 | 0 | |a Thomas,von Aquin,1225-1274,Thomas,de Aquino, Heiliger,1225-1274,Thomas,de Aquino,1225-1274,Thomas,ab Aquino, Heiliger,1225-1274,Thomas,ab Aquino,1225-1274,Doctor Angelicus,1225-1274,Dottore angelico,1225-1274,Thomas,Akinatos, Heiliger,1225-1274,Thomas,Akuinatos, Heiliger,1225-1274,Thomas,Aquinatus, Heiliger,1225-1274,Thomas,Aquinas, Heiliger,1225-1274,Thomas,Aquinus, Heiliger,1225-1274,Thomas,Aquinatus, Sanctus,1225-1274,Thōmas,Akinatos, Heiliger,1225-1274,Tommaso,d'Aquino, Heiliger,1225-1274,Thomas,von Aquino, Heiliger,1225-1274,Thomas,von Aquino,1225-1274,Thomas,Aquinatis, Heiliger,1225-1274,Thomas,d'Aquin, Heiliger,1225-1274,Thomas,d'Aquin, Saint,1225-1274,Thomas,de Aquinas, Heiliger,1225-1274,Thomas,Camisensis, Heiliger,1225-1274,Tomás,de Aquino, Heiliger,1225-1274,Tomasz,z Akwinu, Heiliger,1225-1274,Thomas,ho Akinatas, Heiliger,1225-1274,Thomas,Daqui, Heiliger,1225-1274,Tommaso,d'Aquino, San,1225-1274,Tommaso,d'Aquino,1225-1274,Thomas,Aquinas, Saint,1225-1274,Tomás,de Aquino, Santo,1225-1274,Tūmā al-Akwīnī,Heiliger,1225-1274,Thomas,Beatus,1225-1274,Aquinatus, Thomas,Heiliger,1225-1274,Aquin, Thomas,von, Heiliger,1225-1274,Aquino, Thomas,von, Heiliger,1225-1274,Aquinas, Thomas,de, Heiliger,1225-1274,Aquino, Tommaso,d', Heiliger,1225-1274,Aquino, Thomas,de, Heiliger,1225-1274,Aquino, Tomás,de, Heiliger,1225-1274,Aquinas, Thomas,Heiliger,1225-1274,Aquinas, Thomas,Saint,1225-1274,Aquino, Tommaso Niccolò,d', Heiliger,1225-1274,Aquino, Tommaso N.,d', Heiliger,1225-1274,Akvinskij, Foma,Heiliger,1225-1274,Aquinas,Heiliger,1225-1274,Akwīnī, Tūmā,al-, Heiliger,1225-1274,Foma,Akvinskij, Heiliger,1225-1274,Daqui, Thomas,Seut,1225-1274,Pseudo-Thomas,von Aquin,1225-1274,Pseudo-Thomas,Aquinas,1225-1274,Pseudo-Thomas,de Aquino,1225-1274,Ak'vineli, T'oma,Saint,1225-1274,Akvinietis, Tomas,Saint,1225-1274,Akvinskii, Foma,Saint,1225-1274,Aquinas,1225-1274,Foma,Akvinskiĭ, Saint,1225-1274,Thomas,av Aquino, Saint,1225-1274,Thomas,von Aquin, Saint,1225-1274,T'oma,Ak'vineli, Saint,1225-1274,Toma,Akvinski, Saint,1225-1274,Toma,Akvinskii, Saint,1225-1274,Toma,Akvins'kyi, Saint,1225-1274,Toma,ot Akvino, Saint,1225-1274,Tomas,Akvinietis, Saint,1225-1274,Tomas,de Aquino, Saint,1225-1274,Tomasu,Akuinasu, Saint,1225-1274,Tomasu,Akwinasu, Saint,1225-1274,Tomasz,Akwinu, Saint,1225-1274,Tommaso,d'Aquino, Saint,1225-1274,T'ovma,Ak'uinats'i Saint,1225-1274,Thomas,'o Akinatos, Saint,1225-1274,Thomas,'o Akinates, Saint,1225-1274,Thomas,'o Akuinatos, Saint,1225-1274,Thomas,'o Akuinates, Saint,1225-1274,Tomás,de Aquino, Saint,1225-1274,Aquin, Thomas von,1225-1274,Aquino, Thomas von,1225-1274,Тома,Аквінський, Saint,1225-1274,Pתומאס אקווינאס,1225-1274,Pתומס אקווינס,1225-1274,اكويني ، توما,1225-1274 , Gott |